000 00314nam a2200121Ia 4500
008 220204s9999 xx 000 0 und d
082 _a33:91
_bINC
100 _aINCH, John
245 0 _aEconomic geography for professional students
260 _aLondon
_bPitman
_c1977
650 _aEconomic geography
942 _cBK
999 _c32848
_d32848